000
00298nam a22001337a 4500
008
181009b xxu||||| |||| 00| 0 eng d
020
_a
0442298935
041
_a
eng
080
_a
701
100
_a
45
101
_a
ART
245
_a
Photography for the joy of it
_c
Patterson, F
942
_2
udc
_c
BK
999
_c
49160
_d
49160